[Event "Olympiad-43"]
[Site "Batumi"]
[Date "2018.10.03"]
[Round "9.1"]
[White "Reyes Najera, Carlos Antonio"]
[Black "Gemy Vargas, Jose Daniel"]
[Result "0-1"]
[WhiteElo "2149"]
[BlackElo "2400"]
[PlyCount "108"]
[EventDate "2018.09.24"]
[EventType "team-swiss"]
[EventRounds "11"]
[EventCountry "GEO"]
[SourceTitle "CBM 187"]
[Source "ChessBase"]
[SourceDate "2018.12.11"]
[SourceVersion "1"]
[SourceVersionDate "2018.12.11"]
[SourceQuality "1"]
[WhiteTeam "Guatemala"]
[BlackTeam "Bolivia"]
[WhiteTeamCountry "GUA"]
[BlackTeamCountry "BOL"]

1. d4 d5 2. Nf3 e6 3. c4 Be7 4. e3 Nf6 5. Nc3 0-0 6. Bd3 c5 7. 0-0 Nc6 8. dxc5 Bxc5 9. a3 a5 10. Qc2 dxc4 11. Bxc4 Qe7 12. e4 Ng4 13. Bg5 f6 14. Bf4 g5 15. Bg3 h5 16. Nb5 h4 17. Bc7 h3 18. gxh3 Nge5 19. Bxe5 fxe5 20. Be2 g4 21. hxg4 Rf4 22. Ne1 Rf7 23. Nd3 Bb6 24. Kh1 Bd7 25. f4 exf4 26. Rxf4 Rh7 27. g5 Be3 28. g6 Rh6 29. Rg4 Rf8 30. Rf1 Rxf1+ 31. Bxf1 Qf6 32. Qg2 Ne7 33. Nc3 Nxg6 34. Rg3 Bd4 35. Rf3 Qg7 36. Rg3 Qf6 37. Be2 Kh7 38. Rf3 Qe7 39. Qf1 Qh4 40. h3 Bc6 41. Rf7+ Kg8 42. Rc7 Qxh3+ 43. Qxh3 Rxh3+ 44. Kg2 Rxd3 45. Bxd3 Nf4+ 46. Kf3 Nxd3 47. Ne2 Bxb2 48. Nf4 Nxf4 49. Kxf4 Bxa3 50. e5 Bc1+ 51. Kg4 Bb2 52. Kf4 a4 53. Rc8+ Kf7 54. Ra8 a3 0-1

[Event "Olympiad-43"]
[Site "Batumi"]
[Date "2018.10.02"]
[Round "8.1"]
[White "Morovic Fernandez, Ivan"]
[Black "Reyes Najera, Carlos Antonio"]
[Result "1-0"]
[WhiteElo "2501"]
[BlackElo "2149"]
[PlyCount "57"]
[EventDate "2018.09.24"]
[EventType "team-swiss"]
[EventRounds "11"]
[EventCountry "GEO"]
[SourceTitle "CBM 187"]
[Source "ChessBase"]
[SourceDate "2018.12.11"]
[SourceVersion "1"]
[SourceVersionDate "2018.12.11"]
[SourceQuality "1"]
[WhiteTeam "Chile"]
[BlackTeam "Guatemala"]
[WhiteTeamCountry "CHI"]
[BlackTeamCountry "GUA"]

1. d4 Nf6 2. c4 e6 3. Nc3 d5 4. Bg5 Be7 5. e3 dxc4 6. Bxc4 0-0 7. Nf3 c5 8. 0-0 cxd4 9. Nxd4 e5 10. Ndb5 Qxd1 11. Rfxd1 Nc6 12. Rac1 a6 13. Nd6 Na5 14. Be2 Rd8 15. Bxf6 gxf6 16. Nxc8 Raxc8 17. Bg4 Rc4 18. Rxd8+ Bxd8 19. h3 Nc6 20. Rd1 Ba5 21. Rd7 Rb4 22. Bh5 Nd8 23. b3 Kg7 24. Nd5 Rh4 25. Bg4 Nc6 26. Rxb7 f5 27. Bxf5 Nb4 28. g3 Rh5 29. Bg4 1-0

[Event "Olympiad-43"]
[Site "Batumi"]
[Date "2018.09.28"]
[Round "5.47"]
[White "Reyes Najera, Carlos Antonio"]
[Black "Cofre Archibold, Nestor"]
[Result "0-1"]
[WhiteElo "2149"]
[BlackElo "2346"]
[PlyCount "88"]
[EventDate "2018.09.24"]
[EventType "team-swiss"]
[EventRounds "11"]
[EventCountry "GEO"]
[SourceTitle "CBM 187"]
[Source "ChessBase"]
[SourceDate "2018.12.11"]
[SourceVersion "1"]
[SourceVersionDate "2018.12.11"]
[SourceQuality "1"]
[WhiteTeam "Guatemala"]
[BlackTeam "Mexico"]
[WhiteTeamCountry "GUA"]
[BlackTeamCountry "MEX"]

1. d4 Nf6 2. Nf3 e6 3. c4 Bb4+ 4. Nbd2 0-0 5. a3 Be7 6. e4 d5 7. Bd3 Nbd7 8. cxd5 exd5 9. e5 Ne8 10. Qc2 g6 11. b4 Ng7 12. Nf1 a5 13. b5 Nb6 14. Ne3 Be6 15. 0-0 Qd7 16. a4 Rfc8 17. Ba3 Bxa3 18. Rxa3 c5 19. dxc5 d4 20. Nd1 Bd5 21. Qe2 Bxf3 22. Qxf3 Rxc5 23. Be4 Nc4 24. Ra2 Nxe5 25. Qf6 Ne6 26. h3 Nc4 27. f4 Nd6 28. Nf2 Qd8 29. Qxd8+ Rxd8 30. g3 Rc3 31. Kh2 Nc5 32. Bg2 Nf5 33. g4 Ne3 34. Re1 Kg7 35. Ne4 Nxe4 36. Bxe4 Re8 37. Bxb7 Nxg4+ 38. hxg4 Rxe1 39. Bg2 d3 40. b6 Rb1 41. b7 Rc2 42. Ra1 Rbb2 43. Rg1 Rxb7 44. Kg3 Rb3 0-1

[Event "Olympiad-43"]
[Site "Batumi"]
[Date "2018.09.24"]
[Round "1.10"]
[White "Duda, Jan Krzysztof"]
[Black "Reyes Najera, Carlos Antonio"]
[Result "1-0"]
[WhiteElo "2739"]
[BlackElo "2149"]
[PlyCount "67"]
[EventDate "2018.09.24"]
[EventType "team-swiss"]
[EventRounds "11"]
[EventCountry "GEO"]
[SourceTitle "CBM 187"]
[Source "ChessBase"]
[SourceDate "2018.12.11"]
[SourceVersion "1"]
[SourceVersionDate "2018.12.11"]
[SourceQuality "1"]
[WhiteTeam "Poland"]
[BlackTeam "Guatemala"]
[WhiteTeamCountry "POL"]
[BlackTeamCountry "GUA"]

1. d4 d5 2. c4 dxc4 3. e4 Nf6 4. e5 Nd5 5. Bxc4 Nb6 6. Bb3 e6 7. Nf3 c5 8. 0-0 Nc6 9. Bg5 Be7 10. Bxe7 Qxe7 11. Nc3 cxd4 12. Nxd4 Nxd4 13. Qxd4 0-0 14. Rad1 Bd7 15. Rd3 Bc6 16. Rg3 Rfd8 17. Qg4 g6 18. Qf4 Nd5 19. Bxd5 Bxd5 20. Rh3 Qf8 21. Nd1 Qg7 22. Ne3 h5 23. b3 Bc6 24. Re1 b5 25. Nf1 g5 26. Qc1 Rac8 27. Rxh5 Be4 28. Rxg5 Rxc1 29. Rxg7+ Kxg7 30. Rxc1 Rd5 31. f4 a5 32. Kf2 a4 33. bxa4 bxa4 34. Rc4 1-0

[Event "Guillermo Garcia Memorial-C 26th"]
[Site "Santa Clara"]
[Date "2017.05.22"]
[Round "7"]
[White "Reyes Najera, Carlos Antonio"]
[Black "Borges Feria, Yasel"]
[Result "0-1"]
[WhiteElo "2120"]
[BlackElo "2418"]
[PlyCount "120"]
[EventDate "2017.05.16"]
[EventType "tourn"]
[EventRounds "9"]
[EventCountry "CUB"]
[EventCategory "3"]
[SourceTitle "CBM 178 Extra"]
[Source "ChessBase"]
[SourceDate "2017.06.22"]
[SourceVersion "1"]
[SourceVersionDate "2017.06.22"]
[SourceQuality "1"]

1. e4 b6 2. d4 Bb7 3. Nc3 g6 4. Nf3 Bg7 5. Bf4 d6 6. Qd2 Nd7 7. 0-0-0 e6 8. Kb1 a6 9. h4 h6 10. a4 Ne7 11. Be2 Nf6 12. Bd3 Qd7 13. Rhe1 Ng4 14. Bf1 0-0-0 15. Bg3 Kb8 16. Ng1 Nf6 17. f3 d5 18. e5 Nfg8 19. Bf2 Nc6 20. Nge2 Nge7 21. Nc1 Na5 22. b3 Nec6 23. N3a2 Qe7 24. Nd3 Ka7 25. Nb2 Bf8 26. Nd3 Qe8 27. h5 Be7 28. hxg6 fxg6 29. Be3 Qf7 30. Nf2 Qf8 31. Ng4 g5 32. Nf2 Nb8 33. Nd3 Qf5 34. Nb2 Nxb3 35. Qc3 Na5 36. Bd3 Qf8 37. Ka1 c5 38. dxc5 Bxc5 39. Bxc5 Qxc5 40. Qxc5 bxc5 41. Bg6 Nbc6 42. Bf7 Bc8 43. Nd3 Rh7 44. Bg6 Rg7 45. Bh5 Nd4 46. Rc1 c4 47. Ndb4 Bd7 48. Bg4 Rh8 49. Rh1 Bxa4 50. Rhd1 Ndb3+ 51. cxb3 Nxb3+ 52. Kb2 Nxc1 53. Rxc1 Bd7 54. Bh5 Rb8 55. Kc3 a5 56. Nc2 Rb3+ 57. Kd4 Kb6 58. Nc3 Rg8 59. Bg4 a4 60. Nxd5+ exd5 0-1

[Event "Guillermo Garcia Memorial-C 26th"]
[Site "Santa Clara"]
[Date "2017.05.19"]
[Round "4"]
[White "Galvez Dastin, Eduardo Francisco"]
[Black "Reyes Najera, Carlos Antonio"]
[Result "1-0"]
[WhiteElo "2224"]
[BlackElo "2120"]
[PlyCount "97"]
[EventDate "2017.05.16"]
[EventType "tourn"]
[EventRounds "9"]
[EventCountry "CUB"]
[EventCategory "3"]
[SourceTitle "CBM 178 Extra"]
[Source "ChessBase"]
[SourceDate "2017.06.22"]
[SourceVersion "1"]
[SourceVersionDate "2017.06.22"]
[SourceQuality "1"]

1. d4 d5 2. c4 e6 3. Nc3 Nf6 4. Bg5 dxc4 5. e3 a6 6. Bxc4 b5 7. Qf3 Ra7 8. Bb3 Bb7 9. Qh3 Be7 10. Nf3 Nbd7 11. Rd1 Qa8 12. 0-0 c5 13. d5 exd5 14. e4 d4 15. e5 Bxf3 16. exf6 Bxg2 17. fxg7 Bxh3 18. gxh8Q+ Nf8 19. Bd5 Qc8 20. Bxe7 Rxe7 21. Rfe1 dxc3 22. Rxe7+ Kxe7 23. Re1+ Be6 24. bxc3 Qd7 25. Bxe6 Nxe6 26. Qxh7 Qd2 27. Re3 Qd1+ 28. Kg2 Qg4+ 29. Kf1 Qd1+ 30. Re1 Qf3 31. Qh4+ Ke8 32. Qh8+ Ke7 33. Qe5 c4 34. Re3 Qh1+ 35. Ke2 Qb1 36. Qc7+ Ke8 37. Qc8+ Ke7 38. Qb7+ Kf8 39. Qc8+ Kg7 40. Rg3+ Kf6 41. Qh8+ Ke7 42. Qh4+ Kd7 43. Qf6 Qe4+ 44. Kd2 Qd5+ 45. Kc2 Nc5 46. Re3 Kc7 47. Re7+ Nd7 48. Qxf7 Qxf7 49. Rxf7 1-0

[Event "Guillermo Garcia Memorial-C 26th"]
[Site "Santa Clara"]
[Date "2017.05.18"]
[Round "3"]
[White "Reyes Najera, Carlos Antonio"]
[Black "Quesada Vera, Liordis"]
[Result "1/2-1/2"]
[WhiteElo "2120"]
[BlackElo "2423"]
[PlyCount "35"]
[EventDate "2017.05.16"]
[EventType "tourn"]
[EventRounds "9"]
[EventCountry "CUB"]
[EventCategory "3"]
[SourceTitle "CBM 178 Extra"]
[Source "ChessBase"]
[SourceDate "2017.06.22"]
[SourceVersion "1"]
[SourceVersionDate "2017.06.22"]
[SourceQuality "1"]

1. d4 d5 2. c4 e6 3. Nc3 Be7 4. Nf3 Nf6 5. e3 0-0 6. Bd3 dxc4 7. Bxc4 a6 8. a4 c5 9. dxc5 Qxd1+ 10. Nxd1 Nc6 11. Nc3 Bxc5 12. 0-0 Bd7 13. e4 Na5 14. Ba2 b5 15. e5 Ng4 16. Ne4 Bb4 17. h3 Bc6 18. Bd2 1/2-1/2

[Event "Guillermo Garcia Memorial-C 26th"]
[Site "Santa Clara"]
[Date "2017.05.17"]
[Round "2"]
[White "Pazos Gambarrotti, Plinio Efrain"]
[Black "Reyes Najera, Carlos Antonio"]
[Result "1/2-1/2"]
[WhiteElo "2244"]
[BlackElo "2120"]
[PlyCount "157"]
[EventDate "2017.05.16"]
[EventType "tourn"]
[EventRounds "9"]
[EventCountry "CUB"]
[EventCategory "3"]
[SourceTitle "CBM 178 Extra"]
[Source "ChessBase"]
[SourceDate "2017.06.22"]
[SourceVersion "1"]
[SourceVersionDate "2017.06.22"]
[SourceQuality "1"]

1. d4 Nf6 2. Nf3 c5 3. e3 g6 4. Be2 Bg7 5. 0-0 Qc7 6. c4 0-0 7. dxc5 Qxc5 8. a3 d6 9. b4 Qc7 10. Bb2 Be6 11. Nd4 Bxc4 12. Qc2 d5 13. Rc1 Nbd7 14. Nd2 e5 15. Nb5 Qb6 16. Nxc4 dxc4 17. Bxc4 a6 18. Nc3 Rac8 19. Qb3 Qd8 20. a4 Qe7 21. a5 e4 22. Be2 Rfe8 23. Na4 Ne5 24. b5 axb5 25. Bxb5 Nd3 26. Rxc8 Rxc8 27. Bxd3 exd3 28. Qxd3 Rd8 29. Qb3 Qc7 30. Qb6 Qd7 31. h3 Nd5 32. Qb3 Bxb2 33. Nxb2 Qc6 34. Rd1 Rd7 35. Qc4 Qxc4 36. Nxc4 Rc7 37. Nd6 Nc3 38. Ra1 Kf8 39. Ra3 Ke7 40. Nxb7 Nb5 41. Rb3 Rxb7 42. a6 Ra7 43. Rxb5 Rxa6 44. g4 h6 45. Kg2 Ra7 46. h4 Ra4 47. Kg3 Kf6 48. h5 g5 49. Rb6+ Kg7 50. Rd6 Ra3 51. Rd8 Rb3 52. Re8 Rb1 53. e4 Rb3+ 54. f3 Rb2 55. Rd8 Ra2 56. Rd1 Re2 57. Rf1 Re3 58. Rf2 Re1 59. Rd2 Ra1 60. Kf2 Ra3 61. e5 Ra5 62. Re2 Ra6 63. Ke3 Kf8 64. Rc2 Ke7 65. Rc8 Ra3+ 66. Kf2 Ra6 67. Rh8 Rb6 68. Ke3 Rb3+ 69. Ke4 Rb4+ 70. Kd5 Rb5+ 71. Kd4 Rb4+ 72. Kc5 Rf4 73. Rxh6 Rxf3 74. Ra6 Rf4 75. Kd5 Rxg4 76. Ra7+ Kf8 77. e6 fxe6+ 78. Ke5 Rf4 79. h6 1/2-1/2

[Event "Olympiad-37"]
[Site "Turin"]
[Date "2006.05.29"]
[Round "8"]
[White "Reyes Najera, Carlos Antonio"]
[Black "Kawuma, Moses"]
[Result "1/2-1/2"]
[WhiteElo "2170"]
[BlackElo "2205"]
[PlyCount "52"]
[EventDate "2006.05.21"]
[EventType "team-swiss"]
[EventRounds "13"]
[EventCountry "ITA"]
[SourceTitle "CBM 113"]
[Source "ChessBase"]
[SourceDate "2006.07.31"]
[SourceVersion "1"]
[SourceVersionDate "2006.07.31"]
[SourceQuality "1"]
[WhiteTeam "Guatemala"]
[BlackTeam "Uganda"]
[WhiteTeamCountry "GUA"]
[BlackTeamCountry "UGA"]

1. Nf3 Nf6 2. g3 b6 3. Bg2 Bb7 4. 0-0 c5 5. c4 e6 6. d4 cxd4 7. Nxd4 Bxg2 8. Kxg2 Be7 9. Nc3 Qc8 10. Qd3 Nc6 11. Nxc6 Qxc6+ 12. Qf3 Rc8 13. Qxc6 Rxc6 14. b3 d5 15. Nb5 dxc4 16. Nxa7 Rc7 17. Nb5 Rc5 18. bxc4 Rxc4 19. Bf4 Nd5 20. Rac1 Nxf4+ 21. gxf4 Rxc1 22. Rxc1 0-0 23. Rc6 Rb8 24. a4 Kf8 25. e3 Ke8 26. Kf3 Kd8 1/2-1/2

[Event "Olympiad-37"]
[Site "Turin"]
[Date "2006.05.23"]
[Round "3"]
[White "Shrestha, Bilam Lal"]
[Black "Reyes Najera, Carlos Antonio"]
[Result "1/2-1/2"]
[WhiteElo "2165"]
[BlackElo "2170"]
[PlyCount "85"]
[EventDate "2006.05.21"]
[EventType "team-swiss"]
[EventRounds "13"]
[EventCountry "ITA"]
[SourceTitle "CBM 113"]
[Source "ChessBase"]
[SourceDate "2006.07.31"]
[SourceVersion "1"]
[SourceVersionDate "2006.07.31"]
[SourceQuality "1"]
[WhiteTeam "Nepal"]
[BlackTeam "Guatemala"]
[WhiteTeamCountry "NEP"]
[BlackTeamCountry "GUA"]

1. e4 c5 2. Nf3 d6 3. c4 Nf6 4. Nc3 e6 5. d3 Nc6 6. Be2 Be7 7. 0-0 0-0 8. Re1 a6 9. Bf1 Rb8 10. a4 Nd4 11. Nxd4 cxd4 12. Ne2 e5 13. f4 b5 14. axb5 axb5 15. b3 bxc4 16. bxc4 Qb6 17. Ba3 Ng4 18. fxe5 Bg5 19. Bc1 Ne3 20. Bxe3 Bxe3+ 21. Kh1 dxe5 22. Ng3 Bf2 23. Rb1 Qc7 24. Rxb8 Qxb8 25. Qb1 Qd6 26. Re2 Bxg3 27. hxg3 Bg4 28. Re1 f5 29. exf5 Rxf5 30. Kg1 h6 31. Qb5 e4 32. Qe8+ Rf8 33. Qxe4 Qxg3 34. Ra1 Qf2+ 35. Kh1 Qh4+ 36. Kg1 Qf2+ 37. Kh1 Qh4+ 38. Kg1 Qf2+ 39. Kh1 Qh4+ 40. Kg1 Qf2+ 41. Kh1 Qh4+ 42. Kg1 Qf2+ 43. Kh1 1/2-1/2

[Event "MEX-ch op 52nd "]
[Site "Mexico City"]
[Date "2006.04.12"]
[Round "2"]
[White "Escobedo Tinajero, Alberto"]
[Black "Reyes Najera, Carlos Antonio"]
[Result "1/2-1/2"]
[WhiteElo "2399"]
[BlackElo "2170"]
[PlyCount "87"]
[EventDate "2006.04.11"]
[EventType "swiss"]
[EventRounds "9"]
[EventCountry "MEX"]
[SourceTitle "EXT 2007"]
[Source "ChessBase"]
[SourceDate "2006.11.23"]
[SourceVersion "1"]
[SourceVersionDate "2006.11.23"]
[SourceQuality "1"]

1. d4 Nf6 2. c4 g6 3. Nc3 Bg7 4. e4 d6 5. f3 0-0 6. Be3 c6 7. Qd2 a6 8. Nge2 b5 9. g4 bxc4 10. Ng3 d5 11. e5 Ne8 12. g5 f6 13. f4 fxg5 14. fxg5 Nc7 15. Bg2 a5 16. h4 Nba6 17. a3 Bg4 18. h5 Qe8 19. Nce2 gxh5 20. Nf4 Rb8 21. Ngxh5 Bh8 22. Rh4 Bf5 23. Bh3 Bg6 24. Nxg6 Qxg6 25. Nf4 Qe4 26. Bg2 Qf5 27. g6 hxg6 28. Rh6 Bg7 29. Rxg6 Rb3 30. Rxc6 Rxe3+ 31. Qxe3 Qxf4 32. Qxf4 Rxf4 33. 0-0-0 e6 34. Bh3 Kf7 35. Rf1 Bh6 36. Kd1 Rxf1+ 37. Bxf1 Be3 38. b3 Bxd4 39. bxc4 Bxe5 40. cxd5 Nb8 41. dxe6+ Nxe6 42. Rb6 Ke7 43. Rb5 Bc7 44. Rh5 1/2-1/2

[Event "Olympiad-36"]
[Site "Mallorca"]
[Date "2004.10.28"]
[Round "13"]
[White "Reyes Najera, Carlos Antonio"]
[Black "Chong, Chor Yuen"]
[Result "1-0"]
[WhiteElo "2186"]
[BlackElo "2146"]
[PlyCount "103"]
[EventDate "2004.10.15"]
[EventType "team-swiss"]
[EventRounds "14"]
[EventCountry "ESP"]
[SourceTitle "CBM 104"]
[Source "ChessBase"]
[SourceDate "2005.01.27"]
[SourceVersion "1"]
[SourceVersionDate "2005.01.27"]
[SourceQuality "1"]
[WhiteTeam "Guatemala"]
[BlackTeam "Hong Kong"]
[WhiteTeamCountry "GUA"]
[BlackTeamCountry "HKG"]

1. d4 Nf6 2. c4 g6 3. Nc3 Bg7 4. e4 d6 5. Be2 0-0 6. Nf3 e5 7. dxe5 dxe5 8. Qxd8 Rxd8 9. Bg5 c6 10. Nxe5 Re8 11. 0-0-0 Nxe4 12. Nxe4 Bxe5 13. Bd3 Bf5 14. f3 Nd7 15. Nd6 Bxd6 16. Bxf5 gxf5 17. Rxd6 f6 18. Rxd7 fxg5 19. Rhd1 b5 20. cxb5 cxb5 21. R1d5 Re2 22. Rd2 Rxd2 23. Kxd2 a6 24. Kd3 Rc8 25. Rd5 Rf8 26. Rd6 Ra8 27. Rd5 Rf8 28. Kd4 Kg7 29. Rd7+ Kg8 30. g3 h5 31. a3 f4 32. Rd5 fxg3 33. Rxg5+ Kf7 34. hxg3 Ke6 35. Ke4 b4 36. Rxh5 bxa3 37. bxa3 Rf6 38. f4 Ke7 39. Rh7+ Ke8 40. Ra7 Rg6 41. Kf3 Rb6 42. a4 Kf8 43. f5 Rb3+ 44. Kg2 Rb6 45. Kh3 Rc6 46. g4 Rh6+ 47. Kg3 Rc6 48. Kh4 Kg8 49. Kh5 Kf8 50. g5 Kg8 51. f6 Kf8 52. Kg6 1-0

[Event "Olympiad-36"]
[Site "Mallorca"]
[Date "2004.10.25"]
[Round "10"]
[White "Ferrufino, Boris"]
[Black "Reyes Najera, Carlos Antonio"]
[Result "1-0"]
[WhiteElo "2231"]
[BlackElo "2186"]
[PlyCount "69"]
[EventDate "2004.10.15"]
[EventType "team-swiss"]
[EventRounds "14"]
[EventCountry "ESP"]
[SourceTitle "CBM 104"]
[Source "ChessBase"]
[SourceDate "2005.01.27"]
[SourceVersion "1"]
[SourceVersionDate "2005.01.27"]
[SourceQuality "1"]
[WhiteTeam "Bolivia"]
[BlackTeam "Guatemala"]
[WhiteTeamCountry "BOL"]
[BlackTeamCountry "GUA"]

1. d4 d5 2. Nf3 c6 3. e3 Nf6 4. Bd3 g6 5. 0-0 Bg7 6. Nbd2 0-0 7. c4 dxc4 8. Nxc4 c5 9. b3 cxd4 10. Nxd4 Nbd7 11. Ba3 Re8 12. Rc1 a6 13. Be2 Nb6 14. Nf3 Nbd5 15. Nfe5 b5 16. Nc6 Qd7 17. N4a5 e5 18. Bb2 e4 19. Qd2 Qf5 20. Rfd1 Qg5 21. Rc5 Be6 22. a4 Bf8 23. Bxf6 Qxf6 24. Rxd5 Bxd5 25. Qxd5 bxa4 26. bxa4 Bg7 27. Bc4 h5 28. Qd7 Rf8 29. Nb7 Qc3 30. Nd6 Qc2 31. Rf1 Kh7 32. a5 f5 33. Nd4 Qc3 34. Ne6 Rfb8 35. Ng5+ 1-0

[Event "San Jose zt 2.3.c2"]
[Site "San Jose"]
[Date "2004.09.12"]
[Round "9"]
[White "Figueroa, Marco Alexander"]
[Black "Reyes Najera, Carlos Antonio"]
[Result "1-0"]
[WhiteElo "1999"]
[BlackElo "2268"]
[PlyCount "31"]
[EventDate "2004.09.05"]
[EventType "swiss"]
[EventRounds "9"]
[EventCountry "CRI"]
[SourceTitle "CBM 102 Extra"]
[Source "ChessBase"]
[SourceDate "2004.11.03"]
[SourceVersion "1"]
[SourceVersionDate "2004.11.03"]
[SourceQuality "1"]

1. e4 c5 2. Nf3 d6 3. d4 cxd4 4. Nxd4 Nf6 5. Nc3 g6 6. Be2 Bg7 7. Be3 Nc6 8. 0-0 0-0 9. Kh1 Bd7 10. Nb3 a5 11. a4 Rc8 12. f4 Nb4 13. e5 Ne8 14. exd6 exd6 15. Bf3 Rc7 16. Bb6 1-0

[Event "San Jose zt 2.3.c2"]
[Site "San Jose"]
[Date "2004.09.06"]
[Round "2"]
[White "Leyva, Hector"]
[Black "Reyes Najera, Carlos Antonio"]
[Result "1-0"]
[WhiteElo "2399"]
[BlackElo "2268"]
[PlyCount "120"]
[EventDate "2004.09.05"]
[EventType "swiss"]
[EventRounds "9"]
[EventCountry "CRI"]
[SourceTitle "CBM 102 Extra"]
[Source "ChessBase"]
[SourceDate "2004.11.03"]
[SourceVersion "1"]
[SourceVersionDate "2004.11.03"]
[SourceQuality "1"]

1. d4 c5 2. d5 e5 3. e4 d6 4. Nc3 g6 5. h4 a6 6. a4 Nf6 7. Be2 h5 8. Nf3 Bg4 9. Nd2 Bxe2 10. Qxe2 Bh6 11. Nc4 Bxc1 12. Rxc1 Qc7 13. a5 Nbd7 14. Na4 0-0 15. Ra1 Nh7 16. Ra3 Kg7 17. Rg3 Ndf6 18. Rb3 Rad8 19. f3 Qe7 20. Rb6 Ne8 21. g4 hxg4 22. fxg4 f5 23. gxf5 gxf5 24. exf5 Kh8 25. Nxc5 Rxf5 26. Rxb7 Qf6 27. Ne6 Rc8 28. Ne3 Rf4 29. Qh5 Nc7 30. Rxc7 Rxc7 31. Nxc7 Re4 32. Ke2 Rxe3+ 33. Kxe3 Qf4+ 34. Ke2 Qe4+ 35. Kd2 Qxh1 36. Qe8+ Kg7 37. Qe7+ Kh8 38. Qxd6 Qe4 39. Qd8+ Kg7 40. Ne6+ Kh6 41. c3 Qg2+ 42. Kc1 Qf1+ 43. Kc2 Qe2+ 44. Kb3 Qd3 45. Qd7 Qd1+ 46. Ka2 Qg4 47. Qc6 Kh5 48. Ng5 Nf6 49. Kb3 Nd7 50. Ne6 Qd1+ 51. Ka2 Nf6 52. Ng7+ Kg4 53. Qe6+ Kg3 54. Qxe5+ Kg2 55. Qd4 Qc2 56. Ne6 Ne4 57. Nf4+ Kh2 58. Qd3 Nxc3+ 59. Qxc3 Qa4+ 60. Kb1 Qxf4 1-0

[Event "San Salvador op"]
[Site "San Salvador"]
[Date "2003.12.10"]
[Round "1"]
[White "Ancheta, Jorge"]
[Black "Reyes Najera, Carlos Antonio"]
[Result "1/2-1/2"]
[WhiteElo "2045"]
[BlackElo "2268"]
[PlyCount "69"]
[EventDate "2003.12.09"]
[EventType "swiss"]
[EventRounds "9"]
[EventCountry "ESA"]
[SourceTitle "CBM 097 Extra"]
[Source "ChessBase"]
[SourceDate "2004.01.13"]
[SourceVersion "1"]
[SourceVersionDate "2004.01.13"]
[SourceQuality "1"]

1. e4 d5 2. exd5 Qxd5 3. Nc3 Qd6 4. Bc4 Nf6 5. Nge2 e5 6. d4 exd4 7. Bf4 Qb4 8. Qxd4 Nc6 9. Bb5 Bd7 10. Qxb4 Nxb4 11. Bxd7+ Nxd7 12. 0-0-0 c6 13. a3 Na6 14. Nd4 0-0-0 15. Nf5 g6 16. Ne3 Nac5 17. Nc4 Ne6 18. Nd6+ Bxd6 19. Bxd6 Nb6 20. Be5 Rxd1+ 21. Rxd1 Rd8 22. b3 Rxd1+ 23. Kxd1 Nd7 24. Bg3 f5 25. f3 Kd8 26. Kd2 Ke7 27. Ne2 Kf6 28. Bf2 a6 29. Kc3 h5 30. Kd3 g5 31. h3 Ne5+ 32. Ke3 f4+ 33. Ke4 Nf7 34. Bd4+ Kg6 35. h4 1/2-1/2

[Event "Managua Sub zt 2.3.2"]
[Site "Managua"]
[Date "2001.07.04"]
[Round "5"]
[White "Arias Santana, Mauricio"]
[Black "Reyes Najera, Carlos Antonio"]
[Result "1/2-1/2"]
[WhiteElo "2207"]
[BlackElo "2245"]
[PlyCount "73"]
[EventDate "2001.06.30"]
[EventType "swiss"]
[EventRounds "9"]
[EventCountry "NCA"]
[SourceTitle "EXT 2002"]
[Source "ChessBase"]
[SourceDate "2001.11.25"]
[SourceVersion "1"]
[SourceVersionDate "2001.11.25"]
[SourceQuality "1"]

1. Nf3 Nf6 2. c4 c5 3. Nc3 Nc6 4. d4 cxd4 5. Nxd4 e6 6. g3 Qb6 7. Nc2 Bc5 8. e3 Ne5 9. Be2 Qc6 10. 0-0 b6 11. Nd4 Bxd4 12. exd4 Nxc4 13. d5 Qc5 14. Bg5 Nxb2 15. Qb3 Nxd5 16. Nb5 f6 17. Qxb2 fxg5 18. Qxg7 Qf8 19. Nd6+ Kd8 20. Qxg5+ Qf6 21. Nf7+ Ke7 22. Qxf6+ Kxf6 23. Nxh8 Bb7 24. Bf3 Rxh8 25. Rac1 Bc6 26. Bxd5 Bxd5 27. Rc7 Bxa2 28. Rxa7 Bc4 29. Rb1 d5 30. Rxb6 d4 31. f4 Rd8 32. Rb2 d3 33. Rd2 Kf5 34. Rxh7 Ke4 35. Kf2 Rd4 36. Rb2 e5 37. fxe5 1/2-1/2

[Event "Central America-chT 7th"]
[Site "Guatemala City"]
[Date "2001.??.??"]
[Round "1"]
[White "Burgos Figueroa, Carlos Ernesto"]
[Black "Reyes Najera, Carlos Antonio"]
[Result "0-1"]
[WhiteElo "2197"]
[BlackElo "2245"]
[PlyCount "116"]
[EventDate "2001.12.??"]
[EventType "team"]
[EventRounds "5"]
[EventCountry "GUA"]
[SourceTitle "EXT 2003"]
[Source "ChessBase"]
[SourceDate "2002.11.25"]
[SourceVersion "1"]
[SourceVersionDate "2002.11.25"]
[SourceQuality "1"]

1. e4 c5 2. Nf3 d6 3. d4 cxd4 4. Nxd4 Nf6 5. Nc3 g6 6. Be3 Bg7 7. f3 Nc6 8. Qd2 0-0 9. Bc4 Nd7 10. Bb3 Nb6 11. Nxc6 bxc6 12. Rd1 Ba6 13. Bh6 Bxh6 14. Qxh6 Qc7 15. h4 e6 16. Qf4 Rad8 17. h5 Qe7 18. a4 d5 19. e5 Bc4 20. Bxc4 Nxc4 21. b3 g5 22. Qg3 Ne3 23. Rd2 Nf5 24. Qf2 f6 25. exf6 Qxf6 26. Ne2 Rf7 27. Nd4 Ne7 28. 0-0 e5 29. Ne2 Nf5 30. Rfd1 Rdf8 31. Ng3 Nd4 32. Ne2 Nf5 33. b4 d4 34. c3 Ne3 35. Re1 Nc4 36. Rdd1 Nb2 37. cxd4 Nxd1 38. Rxd1 e4 39. Ng3 exf3 40. Rd2 fxg2 41. Qxg2 h6 42. d5 cxd5 43. Qxd5 Qf3 44. Ne4 Qf1+ 45. Kh2 Qf4+ 46. Kg1 Qg4+ 47. Rg2 Qf5 48. Qd4 Rd7 49. Qc4+ Qd5 50. Rc2 Qxc4 51. Rxc4 Rf4 52. Rc8+ Kg7 53. Nc5 Rd1+ 54. Kg2 Rxb4 55. Rc7+ Kf6 56. Kf3 Ra1 57. Rc6+ Kf7 58. Rc7+ Ke8 0-1

[Event "FENAG Expertos f"]
[Site "Guatemala City"]
[Date "2000.04.14"]
[Round "3"]
[White "Reyes Najera, Carlos Antonio"]
[Black "Juarez Flores, Jorge Guillermo"]
[Result "1-0"]
[WhiteElo "2257"]
[BlackElo "2260"]
[PlyCount "78"]
[EventDate "2000.04.22"]
[EventType "tourn"]
[EventRounds "5"]
[EventCountry "GUA"]
[SourceTitle "EXT 2001"]
[Source "ChessBase"]
[SourceDate "2000.11.22"]
[SourceVersion "1"]
[SourceVersionDate "2000.11.22"]
[SourceQuality "1"]

1. d4 Nf6 2. e3 d6 3. Bd3 Nbd7 4. f4 e5 5. c3 e4 6. Bc2 d5 7. Ne2 Nb6 8. 0-0 Bd6 9. b3 Qe7 10. a4 a5 11. Na3 c6 12. c4 Nbd7 13. cxd5 Nxd5 14. Nc4 Bb4 15. Ng3 N7f6 16. Bd2 0-0 17. Ne5 Bxd2 18. Qxd2 Nb4 19. Rac1 Nxc2 20. Qxc2 Nd5 21. Qxe4 Re8 22. Qf3 f6 23. Nc4 Be6 24. e4 Nb4 25. e5 fxe5 26. dxe5 Rf8 27. Nd6 Bd5 28. Qe3 Rad8 29. Rce1 Qc7 30. f5 Nc2 31. Qf2 Nxe1 32. Rxe1 Rxd6 33. exd6 Qxd6 34. Qd4 h6 35. Qe5 Qc5+ 36. Kh1 Qb4 37. h3 Qxb3 38. Kh2 Qc2 39. Re2 Qc5 1-0